| 000 | 00885cai a22001815a 4500 | ||
|---|---|---|---|
| 001 | E153167 | ||
| 008 | 110620u xxk g 000 0 eng d | ||
| 035 | _a(Sirsi) u153167 | ||
| 041 | 0 | _aeng | |
| 110 | 2 |
_aScotland _bScottish Government _95344 |
|
| 245 | 0 | 0 |
_aCalculating carbon savings from wind farms on Scottish peat lands _ba new approach _h[electronic resource] |
| 520 | _aProvides a way to assess savings in carbon emissions provided by wind farm developments on Scottish peat lands. The method uses a full life cycle analysis approach, in the form of an Excel speadsheet. | ||
| 590 | _aKA | ||
| 651 | 4 |
_aScotland _y1999- |
|
| 690 | _aENVIRONMENTAL AND LAND CONSULTANCY-ENERGY-RENEWABLE ENERGY | ||
| 856 | 4 | 0 |
_uhttps://www.scotland.gov.uk/Topics/Business-Industry/Energy/Energy-sources/19185/17852-1/CSavings _zView the calculator free of charge at www.scotland.gov.uk |
| 942 | _n0 | ||
| 999 |
_c120914 _d120914 |
||